|
|
|
|
| LEADER |
00000nam a2200000 a 4500 |
| 001 |
vtls010662324 |
| 003 |
SK-MaSNL |
| 005 |
20260426000033.0 |
| 008 |
160610s2014 xo a f 000 0 slo |
| 015 |
|
|
|a SNBA2015/04
|
| 020 |
|
|
|a 9788097177935 (brož.)
|
| 035 |
|
|
|a 35B2ECE8-D649-43A0-8578-C0A3AF0419CF
|
| 035 |
|
|
|a urn:nbn:sk:snk-amku7x
|
| 035 |
|
|
|a urn:nbn:sk:snk-am004q51
|
| 040 |
|
|
|a SNK
|b slo
|c SNK
|e AACR2
|
| 041 |
0 |
|
|a slo
|
| 043 |
|
|
|a e-xo---
|
| 044 |
|
|
|a xo
|c SK
|
| 072 |
|
7 |
|a 316.3
|x Globálne spoločnosti. Sociálna štruktúra. Sociálne skupiny
|2 konspekt
|
| 080 |
|
|
|a 323.15
|2 2001
|
| 080 |
|
|
|a 342.724
|2 2001
|
| 080 |
|
|
|a (=161.2)
|2 2001
|
| 080 |
|
|
|a 314.113:323.1
|2 2001
|
| 080 |
|
|
|a 316.73
|2 2001
|
| 080 |
|
|
|a 811.161
|2 2001
|
| 080 |
|
|
|a 323.1
|2 2001
|
| 080 |
|
|
|a (437.6)
|2 2001
|
| 080 |
|
|
|a (082)
|2 2001
|
| 245 |
0 |
0 |
|a Zachráňme rusínsky jazyk pred zánikom
|b zborník výstupov projektu Čemerica III
|
| 246 |
3 |
0 |
|a Zborník výstupov projektu Čemerica III
|
| 246 |
3 |
0 |
|a Čemerica III
|
| 260 |
|
|
|a Bratislava
|b Združenie inteligencie Rusínov Slovenska
|c 2014
|
| 300 |
|
|
|a 66 s.
|b tab.
|c 21 cm
|
| 366 |
|
|
|e 100 výt.
|
| 650 |
0 |
7 |
|a národnostné menšiny
|2 SNKPH
|9 2669
|
| 650 |
0 |
7 |
|a Rusíni
|z Slovensko
|2 SNKPH
|9 336690
|
| 650 |
0 |
7 |
|a národnostná politika
|2 SNKPH
|9 4656
|
| 650 |
0 |
7 |
|a asimilácia (sociológia)
|2 SNKPH
|9 3817
|
| 650 |
0 |
7 |
|a rusínčina
|2 SNKPH
|9 51510
|
| 650 |
0 |
7 |
|a Ethnic minorities
|2 SNKPHeng
|9 265191
|
| 650 |
0 |
7 |
|a Ruthenians
|z Slovakia
|2 SNKPHeng
|9 336689
|
| 650 |
0 |
7 |
|a Nationality policy
|2 SNKPHeng
|9 266820
|
| 650 |
0 |
7 |
|a Assimilation (sociology)
|2 SNKPHeng
|9 336691
|
| 650 |
0 |
7 |
|a Ruthenian language
|2 SNKPHeng
|9 275517
|
| 651 |
|
7 |
|a Slovensko
|2 SNKPHgeo
|9 14231
|
| 651 |
|
7 |
|a Slovakia
|2 SNKPHeng
|9 92630
|
| 655 |
|
7 |
|a zborníky
|2 SNKPH
|9 70165
|
| 655 |
|
7 |
|a Papers of several authors
|2 SNKPHeng
|9 153738
|
| 919 |
|
|
|a 978-80-971779-3-5
|
| 958 |
|
|
|a RN
|
| 958 |
|
|
|a NM
|
| 999 |
|
|
|c 844652
|d 846582
|
| 952 |
|
|
|a SNK
|b SNK
|y PREZ
|7 0
|p 17A1142011
|o snkSC 163819
|i snk2015/9844
|8 0
|0 0
|1 0
|4 0
|d 2015-03-20
|f 1
|l 0
|r 2025-08-27 00:00:00
|w 2026-02-24
|
| 952 |
|
|
|a SNK
|b SNK
|y VYP
|7 0
|p 17A1142012
|o snkSC 163819 D1
|i snk2015/9845
|8 0
|0 0
|1 0
|4 0
|d 2015-03-20
|l 0
|r 2026-02-24 04:23:02
|w 2026-02-24
|